আওয়ামী লীগ, ১৯৪৯-১৯৭১ / (Record no. 39392)
[ view plain ]
| 000 -LEADER | |
|---|---|
| fixed length control field | 00994nam a2200253 a 4500 |
| 001 - CONTROL NUMBER | |
| control field | 39392 |
| 003 - CONTROL NUMBER IDENTIFIER | |
| rucl marc code | BD-RjUL |
| 005 - DATE AND TIME OF LATEST TRANSACTION | |
| control field | 20211209053000.0 |
| 008 - FIXED-LENGTH DATA ELEMENTS--GENERAL INFORMATION | |
| fixed length control field | 160410b2007 bg ||||e |||| 00| 0 ben d |
| 020 ## - INTERNATIONAL STANDARD BOOK NUMBER | |
| International Standard Book Number | 9840502840 |
| Terms of availability | tk. 375.00 |
| 035 ## - SYSTEM CONTROL NUMBER | |
| System control number | (BD-RjUL)39505 |
| 040 ## - CATALOGING SOURCE | |
| Original cataloging agency | BD-RjUL |
| Language of cataloging | ben |
| Transcribing agency | BD-RjUL |
| 041 ## - LANGUAGE CODE | |
| Language code of text/sound track or separate title | ben |
| 082 ## - DEWEY DECIMAL CLASSIFICATION NUMBER | |
| Edition number | 23 |
| Classification number | 324.2549206 |
| Author mark and year | GHA 2007 |
| 100 ## - MAIN ENTRY--PERSONAL NAME | |
| Personal name | ঘোষ, শ্যামলী |
| 9 (RLIN) | 121432 |
| 245 ## - TITLE STATEMENT | |
| Title | আওয়ামী লীগ, ১৯৪৯-১৯৭১ / |
| Statement of responsibility, etc. | শ্যামল ঘোষ, অনুবাদ হাবীব-উল-আলম |
| 260 ## - PUBLICATION, DISTRIBUTION, ETC. (IMPRINT) | |
| Place of publication, distribution, etc. | ঢাকা : |
| Name of publisher, distributor, etc. | দি ইউনিভার্সিটি প্রেস, |
| Date of publication, distribution, etc. | ২০০৭. |
| 300 ## - PHYSICAL DESCRIPTION | |
| Pagination | ৩৪৬ পৃ. ; |
| Size | ২১ সেমি. |
| 500 ## - GENERAL NOTE | |
| General note | নির্ঘন্ট |
| 650 ## - SUBJECT ADDED ENTRY--TOPICAL TERM | |
| Topical term or geographic name as entry element | আওয়ামী লীগ |
| General subdivision | ইতিহাস |
| 9 (RLIN) | 121433 |
| Topical term or geographic name as entry element | Awami League |
| General subdivision | History |
| 9 (RLIN) | 121434 |
| 700 ## - ADDED ENTRY--PERSONAL NAME | |
| Personal name | আলম,হাবীব-উল,অনুবাদক |
| 942 ## - ADDED ENTRY ELEMENTS (KOHA) | |
| Source of classification or shelving scheme | Dewey Decimal Classification |
| Koha item type | Books |
| Lost status | Source of classification or shelving scheme | Damaged status | Not for loan | Collection code | Permanent Location | Current Location | Shelving location | Date acquired | Source of acquisition | Cost, normal purchase price | Total Checkouts | Full call number | Date last seen | Copy number | Koha item type | Date checked out |
|---|---|---|---|---|---|---|---|---|---|---|---|---|---|---|---|---|
| Dewey Decimal Classification | Not For Loan | Non-fiction | Central Library, University of Rajshahi | Central Library, University of Rajshahi | Reading Room | 23/12/2013 | Prothoma Prokashon, dhaka | 375.00 | B 324.2549206 GHA 2007 | 10/04/2016 | C-1 | Books | ||||
| Dewey Decimal Classification | Non-fiction | Central Library, University of Rajshahi | Central Library, University of Rajshahi | 23/12/2013 | Prothoma Prokashon, dhaka | 375.00 | 3 | B 324.2549206 GHA 2007 | 31/10/2021 | C-2 | Books | 16/03/2020 | ||||
| Dewey Decimal Classification | Non-fiction | Central Library, University of Rajshahi | Central Library, University of Rajshahi | 30/10/2019 | Vidyasagar, Rajshahi | 375.00 | B 324.2549206 GHA 2007 | 06/11/2019 | C-3 | Books | ||||||
| Dewey Decimal Classification | Non-fiction | Central Library, University of Rajshahi | Central Library, University of Rajshahi | 30/10/2019 | Vidyasagar, Rajshahi | 375.00 | B 324.2549206 GHA 2007 | 06/11/2019 | C-4 | Books | ||||||
| Dewey Decimal Classification | Non-fiction | Central Library, University of Rajshahi | Central Library, University of Rajshahi | 30/10/2019 | Vidyasagar, Rajshahi | 375.00 | B 324.2549206 GHA 2007 | 06/11/2019 | C-5 | Books |